| 000 | 00640nam a2200277Ia 4500 | ||
|---|---|---|---|
| 001 | Z_3233 | ||
| 003 | CHAP | ||
| 008 | 220113s1999 xx 000 0 und d | ||
| 010 | _a166341 | ||
| 040 | _cCHAP | ||
| 082 | _a860 I23d | ||
| 100 |
_aIbargüengoitia, Jorge _9140384 |
||
| 245 |
_aDos crímenes / _cpor Jorge Ibargüengoitia |
||
| 260 |
_aMéxico, D. F. : _bPlaneta, _c1999 |
||
| 300 | _a211 p. | ||
| 440 |
_aNarrativa actual mexicana _9139932 |
||
| 500 | _a | ||
| 503 | _a | ||
| 650 | _aLiteratura mexicana I. t. | ||
| 901 | _a860 I23d | ||
| 902 | _aA | ||
| 910 | _a1999 | ||
| 942 | _c1 | ||
| 942 | _cc1 | ||
| 999 |
_c166341 _d166341 |
||